|
|
|
|
| LEADER |
00838nam a2200265 4500 |
| 001 |
DLU090075574 |
| 005 |
##20090612 |
| 040 |
# |
# |
|a DLU
|b vie
|
| 041 |
# |
# |
|a vie
|
| 044 |
# |
# |
|a vn
|
| 100 |
# |
# |
|a Hoàng Chí Bảo,
|c PTS.
|
| 245 |
# |
# |
|a Lênin - nhà cách tân vĩ đại trong lịch sử chủ nghĩa xã hội hiện thực /
|c Hoàng Chí Bảo.
|
| 653 |
# |
# |
|a Chủ nghĩa duy vật lịch sử
|
| 653 |
# |
# |
|a Chủ nghĩa Mác - Lênin
|
| 653 |
# |
# |
|a Lênin, V. I, 1870-1924
|
| 773 |
# |
# |
|t Tạp chí lịch sử Đảng
|g Số 2, 1991, tr. 45-49
|
| 920 |
# |
# |
|a Phòng Tạp chí -- Trung tâm Thông tin - Thư viện Trường Đại học Đà Lạt
|
| 994 |
# |
# |
|a DLU
|
| 900 |
# |
# |
|a True
|
| 911 |
# |
# |
|a Nguyễn Thị Linh Chi
|
| 925 |
# |
# |
|a G
|
| 926 |
# |
# |
|a A
|
| 927 |
# |
# |
|a BB
|
| 980 |
# |
# |
|a Thư viện Trường Đại học Đà Lạt
|